| 000 | 00489nam a2200169 a 4500 | ||
|---|---|---|---|
| 001 | 2340 | ||
| 003 | CDMR | ||
| 005 | 20131003135747.0 | ||
| 008 | 130130s1987||||||||||||||||||||||||||||d | ||
| 020 | _a8429726721 | ||
| 040 |
_aCDMR _bcat _cCDMR |
||
| 100 | 1 |
_aCarreras i Serra, Lluís de _91753 |
|
| 245 | 1 | 3 |
_aLa ràdio i la televisió a Catalunya, avui _cLluís de Carreras i Serra _b: 1980-1986 |
| 260 |
_aBarcelona _c1987 _bEdicions 62 |
||
| 490 | 0 |
_aLlibres a l'abast _v230 |
|
| 942 |
_cMON _2udc |
||
| 999 |
_c2340 _d2340 |
||